[Event "Kadettallsvenskans final 2006"]
[Site "?"]
[Date "2006.08.18"]
[Round "2"]
[White "Eriksson, Martin"]
[Black "Åström, Linda"]
[Result "1-0"]
[WhiteElo "1533"]
[BlackElo "1330"]
[PlyCount "41"]

1. e4 e6 2. d4 d5 3. Nc3 Bb4 4. e5 Bxc3+ 5. bxc3 Ne7 6. Bd3 b6 7. Nf3 Ba6 8.
O-O O-O 9. Bxh7+ Kh8 10. Bd3 c5 11. Ng5 g6 12. Bxa6 Nxa6 13. Qd3 Kg7 14. Qxa6
cxd4 15. cxd4 Nf5 16. Qb7 Nxd4 17. Be3 Nxc2 18. Rac1 Nxe3 19. Nxe6+ Kg8 20.
Nxd8 Raxd8 21. fxe3 1-0

[Event "Kadettallsvenskans final 2006"]
[Site "?"]
[Date "2006.08.18"]
[Round "2"]
[White "Agrest, Inna"]
[Black "Johansson, Olle"]
[Result "0-1"]
[WhiteElo "2073"]
[BlackElo "1828"]
[PlyCount "80"]

1. e4 d5 2. exd5 Qxd5 3. Nc3 Qa5 4. d4 c6 5. Bc4 Nf6 6. Nf3 Bg4 7. O-O Nbd7 8.
h3 Bxf3 9. Qxf3 e6 10. Bd2 Be7 11. Rfe1 O-O 12. Rad1 Qd8 13. Ne4 Nb6 14. Bd3
Re8 15. c4 Nbd7 16. Bc3 Qc7 17. Bb1 Nxe4 18. Qxe4 Nf6 19. Qc2 Rad8 20. d5 cxd5
21. Bxf6 Bxf6 22. Qxh7+ Kf8 23. cxd5 Qa5 24. d6 Rxd6 25. Qe4 Red8 26. Rxd6 Rxd6
27. Rf1 Qd5 28. Qb4 Bd4 29. b3 Bc5 30. Qh4 Qe5 31. Be4 Rd2 32. a4 f5 33. Qh8+
Ke7 34. Qh5 Kd6 35. Qe8 Kc7 36. Bf3 Rxf2 37. Qf7+ Kd8 38. Rd1+ Rd2+ 39. Kf1
Rxd1+ 40. Bxd1 Qd4 0-1

[Event "Kadettallsvenskans final 2006"]
[Site "?"]
[Date "2006.08.18"]
[Round "2"]
[White "Löfgren, Pontus"]
[Black "Sonnek, Torbern"]
[Result "1/2-1/2"]
[WhiteElo "1756"]
[BlackElo "1971"]
[PlyCount "86"]

1. e4 e5 2. Nf3 Nc6 3. Bc4 Bc5 4. b4 Bxb4 5. c3 Ba5 6. d4 exd4 7. O-O d6 8. Qb3
Qe7 9. e5 dxe5 10. Ba3 Qf6 11. cxd4 exd4 12. Nbd2 Bxd2 13. Nxd2 Nge7 14. Ne4
Qg6 15. Nc5 O-O 16. Bd3 Qh5 17. Qc2 Rb8 18. Ne4 Re8 19. Ng3 Qh4 20. Rfe1 h6 21.
Re4 Qf6 22. Rae1 Be6 23. f4 Nd5 24. Nh5 Qd8 25. f5 Bd7 26. Qf2 Qg5 27. h4 Qxh5
28. g4 Ne5 29. gxh5 Nxd3 30. Rxe8+ Bxe8 31. Qxd4 Nxe1 32. Qxd5 Bc6 33. Qc4 Nf3+
34. Kf2 Rd8 35. f6 Rd2+ 36. Ke3 Ne5 37. Qc5 Rd3+ 38. Ke2 gxf6 39. Qg1+ Kh7 40.
Bf8 Rd2+ 41. Ke3 Rd3+ 42. Ke2 Rd2+ 43. Ke3 Rd3+ 1/2-1/2

[Event "Kadettallsvenskans final 2006"]
[Site "?"]
[Date "2006.08.18"]
[Round "2"]
[White "Apéria, Jakob"]
[Black "Nyman, Johan"]
[Result "1/2-1/2"]
[WhiteElo "1758"]
[BlackElo "1556"]
[PlyCount "56"]

1. c4 e6 2. g3 f5 3. Bg2 Nf6 4. Nc3 d5 5. d4 c6 6. Nf3 Bd6 7. O-O O-O 8. Bf4
Bxf4 9. gxf4 Ne4 10. Ne5 Qh4 11. e3 Nd7 12. Nf3 Qh6 13. c5 b6 14. cxb6 axb6 15.
Nxe4 fxe4 16. Ne5 Nxe5 17. dxe5 Ba6 18. Re1 Bd3 19. f3 Qg6 20. fxe4 Bxe4 21.
Qd2 c5 22. Kh1 Bxg2+ 23. Qxg2 Qxg2+ 24. Kxg2 Kf7 25. h4 Kg6 26. Kf3 Kf7 27. Rg1
g6 28. h5 Rg8 1/2-1/2

[Event "Kadettallsvenskans final 2006"]
[Site "?"]
[Date "2006.08.18"]
[Round "2"]
[White "Nyman, Viktor"]
[Black "Trost, Martin"]
[Result "1-0"]
[WhiteElo "1549"]
[BlackElo "1663"]
[PlyCount "69"]

1. Nf3 d5 2. c4 e6 3. d4 Be7 4. Nc3 Nf6 5. g4 h6 6. Rg1 b6 7. h4 Bb7 8. g5 hxg5
9. hxg5 Nfd7 10. Bf4 Nf8 11. Ne5 Nbd7 12. cxd5 exd5 13. g6 Nxg6 14. Nxg6 fxg6
15. Rxg6 O-O 16. e3 Qe8 17. Bd3 Rxf4 18. exf4 Ba3+ 19. Kd2 Bxb2 20. Qg4 Bxc3+
21. Kxc3 Qe7 22. Rg1 Qa3+ 23. Kd2 Qb4+ 24. Ke2 Re8+ 25. Kf3 Qxd4 26. Rxg7+ Kf8
27. Rg8+ Ke7 28. Re1+ Kd6 29. Qg6+ Kc5 30. Rgxe8 Qc3 31. Qf5 Nf6 32. R8e3 Kb4
33. Rb1+ Kc5 34. Rb5+ Kd6 35. Qe6# 1-0

[Event "Kadettallsvenskans final 2006"]
[Site "?"]
[Date "2006.08.18"]
[Round "2"]
[White "Hammam, Timour"]
[Black "Kotronia, Andoria"]
[Result "0-1"]
[WhiteElo "1583"]
[BlackElo "1511"]
[PlyCount "84"]

1. e4 c6 2. d4 d5 3. Nc3 dxe4 4. Nxe4 Bf5 5. Nc3 e6 6. Nf3 Nd7 7. Bd3 Bxd3 8.
Qxd3 Ngf6 9. Bg5 Be7 10. h3 h6 11. Bf4 O-O 12. g4 Nd5 13. Nxd5 exd5 14. O-O-O
Re8 15. h4 Nf8 16. g5 h5 17. Ne5 Ne6 18. Bd2 g6 19. f4 Ng7 20. Rde1 Bd6 21.
Rhf1 Nf5 22. Rh1 Qc7 23. c3 b6 24. Kb1 Qb7 25. Be3 c5 26. Bf2 c4 27. Qc2 b5 28.
Kc1 a5 29. Kd2 b4 30. Ra1 a4 31. Rhb1 Qc7 32. Qd1 a3 33. Qc2 Reb8 34. Qc1 Ne7
35. Qc2 Rb7 36. Ke3 axb2 37. Qxb2 Ra3 38. Ke2 Rxc3 39. Be1 Rh3 40. Qc2 Nf5 41.
Bf2 Rh2 42. Kf3 Nxd4+ 0-1

[Event "Kadettallsvenskans final 2006"]
[Site "?"]
[Date "2006.08.18"]
[Round "2"]
[White "Skoog, Filip"]
[Black "Ismailov, Alexander"]
[Result "0-1"]
[WhiteElo "1348"]
[BlackElo "1502"]
[PlyCount "66"]

1. d4 d5 2. c4 e6 3. Nf3 Nf6 4. Nc3 dxc4 5. e4 c6 6. Bxc4 Be7 7. Bg5 Nbd7 8.
Qc2 h6 9. Bh4 O-O 10. Bd3 b6 11. O-O-O Bb7 12. e5 Nd5 13. Bxe7 Qxe7 14. Ne4
Rac8 15. Nd6 Rc7 16. Kb1 Ba8 17. h4 c5 18. Nb5 Rb7 19. Nd6 Rc7 20. Qa4 cxd4 21.
Nb5 Bc6 22. Nfxd4 Nxe5 23. Nxc6 Rxc6 24. Nxa7 Rc5 25. Nb5 Qd7 26. Be2 Qc6 27.
Qb3 Ra8 28. Nd4 Qb7 29. g4 Nf4 30. Bf1 Qxh1 31. Qg3 Qe4+ 32. Ka1 Qxd4 33. Rxd4
Rc1# 0-1

[Event "Kadettallsvenskans final 2006"]
[Site "?"]
[Date "2006.08.19"]
[Round "3"]
[White "Zadruzny, Nicolaj"]
[Black "Rosberg, Simon"]
[Result "1/2-1/2"]
[WhiteElo "2381"]
[BlackElo "2227"]
[PlyCount "35"]

1. Nf3 c5 2. c4 b6 3. g3 Bb7 4. Bg2 Nf6 5. Nc3 e6 6. O-O Be7 7. Re1 d6 8. e4
Nbd7 9. d4 cxd4 10. Nxd4 Qc7 11. b3 a6 12. Bb2 O-O 13. h3 Rfe8 14. Re2 Rac8 15.
Qe1 Bf8 16. Rd1 Qb8 17. Kh2 Ne5 18. f4 1/2-1/2

[Event "Kadettallsvenskans final 2006"]
[Site "?"]
[Date "2006.08.19"]
[Round "3"]
[White "Wickström, Lucas"]
[Black "Nikolic, Vladan"]
[Result "1-0"]
[WhiteElo "1889"]
[BlackElo "1987"]
[PlyCount "47"]

1. d4 e6 2. c4 f5 3. g3 Nf6 4. Bg2 Bb4+ 5. Bd2 Qe7 6. Nf3 O-O 7. O-O Bxd2 8.
Nfxd2 d6 9. Nc3 Nbd7 10. e4 e5 11. exf5 exd4 12. Nb5 Qd8 13. Nxd4 Nc5 14. b4
Na6 15. Ne6 Bxe6 16. fxe6 Nxb4 17. Qb3 c5 18. a3 Na6 19. Qxb7 Nc7 20. Rfe1 Re8
21. Rab1 Ng4 22. e7 Rxe7 23. Rxe7 Qxe7 24. Qxa8+ 1-0

[Event "Kadettallsvenskans final 2006"]
[Site "?"]
[Date "2006.08.19"]
[Round "3"]
[White "Berggren, Patrik"]
[Black "Johansson, Tim"]
[Result "1-0"]
[WhiteElo "1890"]
[BlackElo "1819"]
[PlyCount "77"]

1. e4 c5 2. Nc3 Nc6 3. f4 g6 4. Nf3 Bg7 5. Bb5 Nd4 6. O-O a6 7. Bd3 e6 8. Nxd4
Bxd4+ 9. Kh1 b5 10. Ne2 Bg7 11. c3 Nh6 12. Ng3 O-O 13. f5 d5 14. Bc2 d4 15.
cxd4 cxd4 16. d3 exf5 17. Bxh6 Bxh6 18. exf5 a5 19. Qf3 Rb8 20. fxg6 hxg6 21.
Bb3 Kg7 22. Qe4 Bb7 23. Qg4 f6 24. Nf5+ Kh7 25. Nxh6 Kxh6 26. Rf4 f5 27. Qh4+
Qxh4 28. Rxh4+ Kg5 29. Rxd4 Rfd8 30. Rxd8 Rxd8 31. Kg1 Rxd3 32. Rd1 Rxd1+ 33.
Bxd1 Kf4 34. Kf2 Ke4 35. Bf3+ Kd3 36. Bxb7 Kc2 37. b3 Kb2 38. Bd5 Kxa2 39. b4+
1-0

[Event "Kadettallsvenskans final 2006"]
[Site "?"]
[Date "2006.08.19"]
[Round "3"]
[White "Lönnemark, Lena"]
[Black "Alarik, Martin"]
[Result "0-1"]
[WhiteElo "1672"]
[BlackElo "1876"]
[PlyCount "84"]

1. e4 c5 2. Nf3 e6 3. d4 cxd4 4. Nxd4 a6 5. Bd3 Nf6 6. O-O Qc7 7. Be3 Nc6 8.
Nxc6 dxc6 9. f4 e5 10. Kh1 Ng4 11. Qe2 Nxe3 12. Qxe3 exf4 13. Rxf4 Bd6 14. Rf2
Be6 15. Nd2 Bxh2 16. Bc4 O-O 17. Raf1 Be5 18. Bxe6 fxe6 19. Nc4 Bd6 20. Nxd6
Qxd6 21. Rxf8+ Rxf8 22. Rxf8+ Kxf8 23. Qb6 Qb8 24. Qc5+ Kf7 25. Qh5+ Kg8 26.
Qg5 Qd6 27. e5 Qd1+ 28. Kh2 h6 29. Qg6 Qd5 30. Qe8+ Kh7 31. Qb8 Qxa2 32. Qxb7
c5 33. c3 Qd5 34. Qb8 Kg6 35. Qe8+ Kf5 36. Qh5+ g5 37. Qh3+ Ke4 38. Qxh6 Qxe5+
39. g3 Qf5 40. b4 cxb4 41. cxb4 Kf3 42. Qh5+ g4 0-1

[Event "Kadettallsvenskans final 2006"]
[Site "?"]
[Date "2006.08.19"]
[Round "3"]
[White "Isheden, Joakim"]
[Black "Brengdahl, Martin"]
[Result "0-1"]
[WhiteElo "1857"]
[BlackElo "1427"]
[PlyCount "62"]

1. d4 d5 2. c4 e6 3. Nc3 Nf6 4. Bg5 Be7 5. Nf3 h6 6. Bh4 O-O 7. e3 b6 8. cxd5
Nxd5 9. Bxe7 Nxe7 10. Bd3 Bb7 11. O-O Nd7 12. b4 Rc8 13. Qa4 Bxf3 14. gxf3 Nf5
15. Kh1 Nh4 16. f4 Nf6 17. Qc6 Qd7 18. Qxd7 Nxd7 19. Ba6 Rcd8 20. Rac1 c5 21.
bxc5 bxc5 22. d5 exd5 23. Nxd5 Kh8 24. Bb5 Nb6 25. Ne7 c4 26. Bxc4 Nxc4 27.
Rxc4 Rd2 28. Ra4 Rb8 29. Rxa7 Rbb2 30. a4 Rxf2 31. Rxf2 Rb1+ 0-1

[Event "Kadettallsvenskans final 2006"]
[Site "?"]
[Date "2006.08.19"]
[Round "3"]
[White "Eklund, Olov"]
[Black "Berggren, Jonatan"]
[Result "0-1"]
[WhiteElo "1317"]
[BlackElo "1812"]
[PlyCount "56"]

1. e4 c5 2. Nf3 e6 3. c3 Nf6 4. Qe2 Nc6 5. d4 d6 6. Bg5 Be7 7. g3 cxd4 8. cxd4
Qb6 9. Bxf6 Bxf6 10. Nbd2 Nxd4 11. Nxd4 Bxd4 12. Nc4 Qb4+ 13. Kd1 O-O 14. a3
Qb3+ 15. Ke1 d5 16. Rd1 Bxf2+ 17. Kxf2 dxc4 18. Bg2 e5 19. Rhf1 Qb6+ 20. Ke1
Be6 21. Bf3 Rad8 22. Rc1 Rd3 23. Rc3 Rfd8 24. Bg4 Rxc3 25. bxc3 Bxg4 26. Qxg4
Qe3+ 27. Qe2 Qxc3+ 28. Kf2 Rd2 0-1

[Event "Kadettallsvenskans final 2006"]
[Site "?"]
[Date "2006.08.19"]
[Round "3"]
[White "Johansson, Olle"]
[Black "Löfgren, Ragna"]
[Result "1/2-1/2"]
[WhiteElo "1828"]
[BlackElo "1950"]
[PlyCount "96"]

1. d4 g6 2. c4 Bg7 3. e4 d6 4. f4 c5 5. d5 e6 6. Nc3 Nf6 7. Nf3 exd5 8. cxd5
O-O 9. Bd3 Re8 10. O-O c4 11. Bc2 Bg4 12. Kh1 Nbd7 13. Re1 a6 14. h3 Bxf3 15.
Qxf3 b5 16. a3 Qc7 17. Be3 Rab8 18. Bd4 a5 19. a4 bxa4 20. Bxa4 Rb4 21. Re2 Re7
22. Qe3 Nh5 23. Bxg7 Nxg7 24. Bxd7 Rxd7 25. g4 Qd8 26. Qd4 Rdb7 27. e5 Rxb2 28.
Rxb2 Rxb2 29. Ne4 Rb3 30. Nf6+ Kf8 31. Nxh7+ Ke7 32. Ng5 Ne8 33. exd6+ Nxd6 34.
Re1+ Kd7 35. Qc5 Qb6 36. Qxb6 Rxb6 37. Nf3 Rb5 38. Rc1 Rxd5 39. Ne5+ Ke6 40.
Nxc4 Rd4 41. Re1+ Kf6 42. Nxa5 Rxf4 43. Kg2 Kg5 44. Nb3 Rc4 45. Nc1 f5 46. gxf5
Nxf5 47. Nd3 Rc3 48. Nf2 Nh4+ 1/2-1/2

[Event "Kadettallsvenskans final 2006"]
[Site "?"]
[Date "2006.08.19"]
[Round "3"]
[White "Panas, Simo"]
[Black "Löfgren, Pontus"]
[Result "0-1"]
[WhiteElo "1919"]
[BlackElo "1756"]
[PlyCount "90"]

1. d4 Nf6 2. c4 c5 3. d5 b5 4. cxb5 a6 5. bxa6 Bxa6 6. Nc3 d6 7. e4 Bxf1 8.
Kxf1 g6 9. Nf3 Bg7 10. g3 O-O 11. Kg2 Nbd7 12. Re1 Ng4 13. Qe2 Qc7 14. h3 Nge5
15. Nxe5 Nxe5 16. f4 Nd7 17. Bd2 Rfb8 18. Reb1 Rb7 19. Nb5 Qb8 20. a4 Nb6 21.
b3 Bxa1 22. Rxa1 Nc8 23. Rb1 Na7 24. Nxa7 Raxa7 25. Qc4 Ra8 26. Bc3 Qa7 27. e5
Qa6 28. Qxa6 Rxa6 29. a5 Ra8 30. Kf3 Rab8 31. Ke4 Rxb3 32. Rxb3 Rxb3 33. Kd3
Kf8 34. Kc4 Rb8 35. a6 Rb6 36. exd6 exd6 37. a7 Ra6 38. Kb5 Rxa7 39. Bf6 Ke8
40. Kc6 Ra8 41. g4 Ra6+ 42. Kb5 Ra3 43. Kc6 Rb3 44. g5 c4 45. Kxd6 c3 0-1

[Event "Kadettallsvenskans final 2006"]
[Site "?"]
[Date "2006.08.19"]
[Round "3"]
[White "Nyman, Johan"]
[Black "Aira, Johannes"]
[Result "1/2-1/2"]
[WhiteElo "1556"]
[BlackElo "1603"]
[PlyCount "29"]

1. e4 c5 2. Nf3 d6 3. d4 cxd4 4. Nxd4 Nf6 5. f3 g6 6. c4 Bg7 7. Nc3 O-O 8. Be3
Nc6 9. Qd2 Bd7 10. Be2 Qa5 11. O-O Rfc8 12. Nb3 Qh5 13. Nd5 Nxd5 14. cxd5 Ne5
15. Rac1 1/2-1/2

[Event "Kadettallsvenskans final 2006"]
[Site "?"]
[Date "2006.08.19"]
[Round "3"]
[White "Heino, Alexander"]
[Black "Nyman, Viktor"]
[Result "0-1"]
[WhiteElo "1583"]
[BlackElo "1549"]
[PlyCount "56"]

1. e4 c5 2. Nf3 Nc6 3. d4 cxd4 4. Nxd4 g6 5. c4 Bg7 6. Nb3 Nf6 7. Nc3 d6 8. Be2
Be6 9. f4 h5 10. h3 Rc8 11. Nd4 Nxd4 12. Qxd4 a6 13. O-O Qc7 14. b3 b5 15. Nd5
Bxd5 16. cxd5 Qc5 17. Bb2 O-O 18. Qxc5 Rxc5 19. Bd3 Rfc8 20. Rac1 Nd7 21. Ba3
b4 22. Rxc5 Nxc5 23. Rc1 bxa3 24. b4 Nxd3 25. Rxc8+ Kh7 26. Rc4 Bb2 27. Kf1
Nxf4 28. g3 Nd3 0-1

[Event "Kadettallsvenskans final 2006"]
[Site "?"]
[Date "2006.08.19"]
[Round "3"]
[White "Kotronia, Andoria"]
[Black "Vas, Victor"]
[Result "0-1"]
[WhiteElo "1511"]
[BlackElo "1507"]
[PlyCount "58"]

1. e4 e5 2. Nf3 Nf6 3. Nxe5 d6 4. Nf3 Nxe4 5. d4 d5 6. Bd3 Bd6 7. O-O O-O 8. c4
c6 9. Nc3 Nxc3 10. bxc3 dxc4 11. Bxc4 Bg4 12. h3 Bh5 13. Re1 Nd7 14. Be2 Qc7
15. Be3 f5 16. Qb3+ Bf7 17. Bc4 Bxc4 18. Qxc4+ Kh8 19. Ng5 Nb6 20. Qb3 Qd7 21.
Ne6 Rfe8 22. Nf4 Re4 23. g3 Rae8 24. Red1 Qe7 25. c4 g5 26. Ng2 f4 27. f3 Rxe3
28. Nxe3 fxe3 29. Kg2 e2 0-1

[Event "Kadettallsvenskans final 2006"]
[Site "?"]
[Date "2006.08.19"]
[Round "3"]
[White "Andiné, Julius"]
[Black "Skoog, Filip"]
[Result "1-0"]
[WhiteElo "1444"]
[BlackElo "1348"]
[PlyCount "51"]

1. e4 e5 2. Nc3 Nf6 3. f4 Nc6 4. Nf3 exf4 5. e5 Ng4 6. d4 Ne3 7. Bxe3 fxe3 8.
d5 Ne7 9. d6 cxd6 10. exd6 Nf5 11. Nb5 Qa5+ 12. c3 Kd8 13. Ne5 e2 14. Qxe2 Nxd6
15. Nxd6 Bxd6 16. Nxf7+ Kc7 17. Nxh8 Qf5 18. Qc4+ Kd8 19. Nf7+ Ke7 20. Nxd6
Kxd6 21. O-O-O+ Ke7 22. Bd3 Qg5+ 23. Kb1 Qxg2 24. Qe4+ Qxe4 25. Bxe4 h6 26.
Rhg1 1-0

[Event "Kadettallsvenskans final 2006"]
[Site "?"]
[Date "2006.08.19"]
[Round "3"]
[White "Hänninger, Simon"]
[Black "Agrest, Inna"]
[Result "1-0"]
[WhiteElo "1812"]
[BlackElo "2073"]
[PlyCount "135"]

1. e4 e5 2. Bc4 Nc6 3. Nc3 Nf6 4. d3 Bc5 5. f4 d6 6. Nf3 a6 7. f5 Na5 8. Bb3
Nxb3 9. axb3 c6 10. Qe2 Bb6 11. Be3 Bc7 12. O-O O-O 13. Bg5 Re8 14. g4 d5 15.
Bxf6 gxf6 16. h4 Qd6 17. Kh1 Kf8 18. g5 d4 19. Nd1 Ke7 20. Nf2 Bd8 21. gxf6+
Kd7 22. Ng5 Bxf6 23. Qh5 Bxg5 24. hxg5 Kc7 25. Qxf7+ Bd7 26. Ng4 Rf8 27. Qh5
Rad8 28. Nh6 Qc5 29. Rf2 Be8 30. Qh4 Qd6 31. Rg1 Kb6 32. Ng4 Bd7 33. Qh2 Rde8
34. Nf6 Rxf6 35. gxf6 Qxf6 36. Rfg2 Re7 37. Qh5 Rf7 38. Qg5 Qd6 39. Rh2 Qf8 40.
Qh6 Qe7 41. Qg5 Qf8 42. Rh6 Ka7 43. Qh4 Qb4 44. Rxh7 Rxh7 45. Qxh7 Qd2 46. Qh2
Qe3 47. Rf1 Be8 48. f6 Bf7 49. Qxe5 Qh3+ 50. Kg1 Qe3+ 51. Kg2 Qe2+ 52. Rf2 Qg4+
53. Qg3 Qh5 54. Rf3 Be6 55. Kf2 Bf7 56. Ke2 Qc5 57. Kd1 Qa5 58. Qd6 Bh5 59.
Qxd4+ Ka8 60. Qe3 Qc7 61. Kd2 Bxf3 62. Qxf3 Qh2+ 63. Kc3 Qe5+ 64. d4 Qa5+ 65.
b4 Qd8 66. f7 Qf8 67. Qf6 Ka7 68. e5 1-0

[Event "Kadettallsvenskans final 2006"]
[Site "?"]
[Date "2006.08.19"]
[Round "3"]
[White "Sonnek, Torbern"]
[Black "Revelj, Isak"]
[Result "1/2-1/2"]
[WhiteElo "1971"]
[BlackElo "1693"]
[PlyCount "111"]

1. d4 Nf6 2. c4 e6 3. Nf3 d5 4. Nc3 Nbd7 5. Bg5 c6 6. e3 Bb4 7. cxd5 exd5 8.
Bd3 Qa5 9. Qc2 O-O 10. O-O Re8 11. Bxf6 Nxf6 12. a3 Bxc3 13. bxc3 Ne4 14. c4
Bf5 15. cxd5 Qxd5 16. Ne5 Re7 17. f3 Nd6 18. Bxf5 Nxf5 19. Qxf5 f6 20. Nxc6
bxc6 21. Qxd5+ cxd5 22. Kf2 Rb8 23. Rfb1 Reb7 24. Rb4 a5 25. Rxb7 Rxb7 26. Kg3
Rb2 27. a4 Kf7 28. h4 h5 29. Rc1 Ra2 30. Rc5 Rxa4 31. Rxd5 g6 32. Rd6 Ke7 33.
Ra6 Ra1 34. e4 a4 35. f4 a3 36. e5 fxe5 37. fxe5 a2 38. d5 Rd1 39. Ra7+ Ke8 40.
Rxa2 Rxd5 41. Kf4 Kf7 42. Ra7+ Ke6 43. Ra6+ Kf7 44. Rf6+ Kg7 45. Rd6 Rc5 46.
Rd7+ Kf8 47. Kg5 Rxe5+ 48. Kf6 Rf5+ 49. Kxg6 Rf2 50. Kxh5 Rxg2 51. Kh6 Rf2 52.
h5 Kg8 53. Rg7+ Kh8 54. Ra7 Kg8 55. Ra8+ Rf8 56. Rxf8+ 1/2-1/2

[Event "Kadettallsvenskans final 2006"]
[Site "?"]
[Date "2006.08.19"]
[Round "3"]
[White "Mossiaguine, Allan"]
[Black "Apéria, Jakob"]
[Result "0-1"]
[WhiteElo "1650"]
[BlackElo "1758"]
[PlyCount "42"]

1. d4 d5 2. Nf3 c6 3. Bf4 Nf6 4. c4 a6 5. Nc3 b5 6. g3 bxc4 7. Qa4 Qb6 8. Bg2
e6 9. O-O Nh5 10. Bxb8 Rxb8 11. Ne5 Bd7 12. e4 Rd8 13. exd5 cxd5 14. Qd1 Nf6
15. Ng4 Be7 16. Nxf6+ Bxf6 17. Bxd5 exd5 18. Nxd5 Qxd4 19. Qe2+ Be6 20. Nc7+
Ke7 21. Rad1 Qe5 0-1

[Event "Kadettallsvenskans final 2006"]
[Site "?"]
[Date "2006.08.19"]
[Round "3"]
[White "Trost, Martin"]
[Black "Gullberg, Daniel"]
[Result "0-1"]
[WhiteElo "1663"]
[BlackElo "1646"]
[PlyCount "100"]

1. e4 c5 2. Nf3 Nc6 3. d4 cxd4 4. Nxd4 Nf6 5. Nc3 e6 6. Bg5 Bb4 7. Ndb5 Qb6 8.
Bxf6 gxf6 9. Qf3 Ke7 10. a3 Bxc3+ 11. bxc3 a6 12. Nd4 Nxd4 13. cxd4 Qxd4 14.
Rd1 Qc5 15. c4 b5 16. Be2 Bb7 17. Qd3 d6 18. Rb1 Bc6 19. f3 Rhg8 20. g3 Rgb8
21. Kd2 b4 22. axb4 Rxb4 23. Rxb4 Qxb4+ 24. Qc3 Qc5 25. Qe3 a5 26. Qxc5 dxc5
27. Kc3 Rb8 28. Ra1 a4 29. Bd1 Rb4 30. Bc2 h6 31. Rb1 Rxb1 32. Bxb1 f5 33. exf5
Bxf3 34. Bc2 Bc6 35. Kb2 e5 36. h4 e4 37. g4 Kf6 38. Kc3 Ke5 39. Bd1 Kf4 40.
Kd2 f6 41. Kc3 Ke3 42. Kc2 Kf2 43. Kc3 e3 44. g5 hxg5 45. h5 Be4 46. h6 Bxf5
47. Bc2 e2 48. Bxf5 e1=Q+ 49. Kc2 Qh1 50. h7 g4 0-1

[Event "Kadettallsvenskans final 2006"]
[Site "?"]
[Date "2006.08.19"]
[Round "3"]
[White "Thisner, Kalle"]
[Black "Hammam, Timour"]
[Result "1/2-1/2"]
[WhiteElo "1548"]
[BlackElo "1583"]
[PlyCount "99"]

1. e4 c5 2. Nf3 e6 3. d4 cxd4 4. Nxd4 a6 5. Nc3 Qc7 6. Be3 Nf6 7. Bd3 Be7 8.
O-O d6 9. Re1 Nbd7 10. f4 b6 11. Qf3 Bb7 12. Nb3 d5 13. exd5 Nxd5 14. Nxd5 Bxd5
15. Be4 Bxe4 16. Qxe4 O-O 17. c3 Rab8 18. Kh1 Nf6 19. Qf3 Nd5 20. Rad1 Nxe3 21.
Qxe3 Bf6 22. Nd4 g6 23. Rd2 Rfd8 24. Red1 Be7 25. Qe4 Rbc8 26. Nf3 Kf8 27.
Rxd8+ Rxd8 28. Rxd8+ Qxd8 29. Qd4 Qxd4 30. Nxd4 Bc5 31. Nf3 f6 32. g3 Ke7 33.
Kg2 Be3 34. Ne1 g5 35. fxg5 Bxg5 36. Nd3 Kd6 37. Kf3 f5 38. g4 fxg4+ 39. Kxg4
h6 40. c4 a5 41. Kf3 Be7 42. Ke4 Bf6 43. b3 Bg7 44. h3 Bf6 45. a3 Kc6 46. b4 a4
47. Ne5+ Bxe5 48. Kxe5 Kd7 49. h4 h5 50. c5 1/2-1/2

[Event "Kadettallsvenskans final 2006"]
[Site "?"]
[Date "2006.08.19"]
[Round "3"]
[White "Ismailov, Alexander"]
[Black "Eriksson, Martin"]
[Result "1-0"]
[WhiteElo "1502"]
[BlackElo "1533"]
[PlyCount "91"]

1. e4 c5 2. Nf3 d6 3. d4 cxd4 4. Nxd4 Nf6 5. Nc3 g6 6. Be3 Bg7 7. f3 O-O 8. Qd2
Nc6 9. O-O-O d5 10. Nxc6 bxc6 11. exd5 cxd5 12. Bh6 Bxh6 13. Qxh6 Rb8 14. Qe3
a5 15. Bc4 Be6 16. Bb3 Rb6 17. Rhe1 Rd6 18. Nb5 Rd7 19. Nd4 Rd6 20. Nxe6 Rxe6
21. Qd4 Rxe1 22. Rxe1 Qd7 23. g4 Rd8 24. Rd1 Qc7 25. Rd2 e5 26. Qd3 Qa7 27. c3
a4 28. Bc2 Rb8 29. Qe2 Qb6 30. Bxa4 Qa5 31. Bb3 d4 32. cxd4 exd4 33. Rxd4 Rc8+
34. Kb1 Re8 35. Qd2 Re1+ 36. Bd1 Qe5 37. g5 Ne8 38. Re4 Rxe4 39. fxe4 Qxe4+ 40.
Ka1 Qe5 41. Qe2 Qb8 42. Bb3 Nd6 43. Qe7 Qc8 44. a3 Qc1+ 45. Ka2 Nc4 46. Qd8+
1-0

[Event "Kadettallsvenskans final 2006"]
[Site "?"]
[Date "2006.08.19"]
[Round "4"]
[White "Johansson, Olle"]
[Black "Zadruzny, Nicolaj"]
[Result "0-1"]
[WhiteElo "1828"]
[BlackElo "2381"]
[PlyCount "44"]

1. Nf3 c5 2. c4 g6 3. d4 cxd4 4. Nxd4 Nc6 5. e4 Nf6 6. Nc3 d6 7. Be2 Bg7 8. Be3
O-O 9. O-O Nxd4 10. Bxd4 Bd7 11. f4 Bc6 12. Bf3 a5 13. Qc2 Nd7 14. Bf2 Nc5 15.
Rad1 Qb6 16. Kh1 a4 17. Rd2 Qb4 18. Nd5 Bxd5 19. cxd5 Rfc8 20. a3 Qb5 21. Qb1
Nb3 22. Be2 Nxd2 0-1

[Event "Kadettallsvenskans final 2006"]
[Site "?"]
[Date "2006.08.19"]
[Round "4"]
[White "Nikolic, Vladan"]
[Black "Löfgren, Pontus"]
[Result "1-0"]
[WhiteElo "1987"]
[BlackElo "1756"]
[PlyCount "73"]

1. d4 Nf6 2. Nf3 c5 3. d5 d6 4. c4 b5 5. cxb5 a6 6. b6 Qxb6 7. Nc3 g6 8. e4 Bg4
9. Qa4+ Bd7 10. Qc2 Bb5 11. Be2 Nbd7 12. O-O Bg7 13. a4 Bxe2 14. a5 Qa7 15.
Qxe2 O-O 16. Nd2 Rab8 17. Nc4 Rb7 18. Na4 Rfb8 19. Nab6 Ne8 20. f4 Rd8 21. e5
dxe5 22. fxe5 f6 23. e6 Nxb6 24. axb6 Qa8 25. Rd1 Nd6 26. Nxd6 Rxd6 27. Rxa6
Qd8 28. Qb5 Rxe6 29. Ra8 Qxa8 30. dxe6 Qb8 31. Qxc5 Bf8 32. Be3 Qe8 33. Qd5 Qa4
34. b3 Qa6 35. Qd8 Qb5 36. Bh6 Qxb6+ 37. Qxb6 1-0

[Event "Kadettallsvenskans final 2006"]
[Site "?"]
[Date "2006.08.19"]
[Round "4"]
[White "Nyman, Johan"]
[Black "Berggren, Patrik"]
[Result "1-0"]
[WhiteElo "1556"]
[BlackElo "1890"]
[PlyCount "77"]

1. e4 c6 2. Nf3 d5 3. exd5 cxd5 4. Ne5 Nc6 5. d4 Nxe5 6. dxe5 e6 7. Bd3 Bc5 8.
Qg4 Bf8 9. O-O Bd7 10. Be3 Ne7 11. Nd2 Qc7 12. f4 a6 13. a4 O-O-O 14. a5 Nf5
15. Bf2 g6 16. Nb3 Re8 17. Bb6 Qc6 18. Qe2 Kb8 19. Kh1 Be7 20. g4 Ng7 21. Nd4
Qc8 22. b4 Bxb4 23. Rfb1 Bc3 24. Ra3 Bxd4 25. Bxd4 Ka8 26. Rab3 Bc6 27. Bxa6
Re7 28. Bd3 Qd7 29. a6 b6 30. Rxb6 Ree8 31. a7 h5 32. c3 hxg4 33. Qb2 Qxa7 34.
Rxc6 Re7 35. Bxa7 Rxa7 36. Ra1 Rxa1+ 37. Qxa1+ Kb7 38. Qa6+ Kb8 39. Qb6+ 1-0

[Event "Kadettallsvenskans final 2006"]
[Site "?"]
[Date "2006.08.19"]
[Round "4"]
[White "Alarik, Martin"]
[Black "Nyman, Viktor"]
[Result "0-1"]
[WhiteElo "1876"]
[BlackElo "1549"]
[PlyCount "80"]

1. e4 e6 2. d4 d5 3. Nc3 Bb4 4. e5 c5 5. Bd2 Bxc3 6. Bxc3 Nc6 7. Nf3 cxd4 8.
Nxd4 Nxd4 9. Bxd4 Ne7 10. Bd3 Nc6 11. Qg4 Nxd4 12. Qxd4 Bd7 13. O-O a6 14. a4
Rc8 15. Qg4 O-O 16. Rfe1 f5 17. exf6 Qxf6 18. Qg3 Qxb2 19. Rab1 Qc3 20. Re3 Qc7
21. Qh4 h6 22. Rbe1 Qf4 23. Qh5 Qxf2+ 24. Kh1 Rf6 25. h3 Rcf8 26. R1e2 Qf1+ 27.
Kh2 Qf4+ 28. Rg3 Be8 29. Qg4 Qxg4 30. Rxg4 Bh5 31. Rb4 Bxe2 32. Bxe2 R8f7 33.
a5 Re7 34. Bf3 Rc7 35. Rb2 Rff7 36. Kg3 Rc5 37. Rb6 Re7 38. Bg4 Kf7 39. Kf4 e5+
40. Kf5 Rc6 0-1

[Event "Kadettallsvenskans final 2006"]
[Site "?"]
[Date "2006.08.19"]
[Round "4"]
[White "Kotronia, Andoria"]
[Black "Isheden, Joakim"]
[Result "0-1"]
[WhiteElo "1511"]
[BlackElo "1857"]
[PlyCount "90"]

1. e4 c5 2. Nf3 Nc6 3. d4 cxd4 4. Nxd4 g6 5. c4 Bg7 6. Be3 Nf6 7. Nc3 O-O 8.
Be2 d6 9. O-O Nxd4 10. Bxd4 Be6 11. Qd2 Qa5 12. Rfd1 Rfc8 13. Rac1 Bxc4 14.
Bxc4 Rxc4 15. Qe2 Rac8 16. a3 Qa6 17. Bxf6 Bxf6 18. Qd3 Qc6 19. h3 Bxc3 20.
Rxc3 Rxc3 21. bxc3 Qxc3 22. Qd5 Rc7 23. a4 Qc4 24. Qd4 Qxd4 25. Rxd4 Rc1+ 26.
Kh2 Rb1 27. Kg3 Rb2 28. Rc4 Kg7 29. Rc7 Kf6 30. a5 Ke6 31. a6 bxa6 32. Rxa7 Ra2
33. f3 a5 34. h4 a4 35. Ra5 a3 36. Ra7 Ra1 37. Ra5 a2 38. Ra7 f6 39. Ra5 Kd7
40. Ra7+ Kc6 41. Ra6+ Kb5 42. Ra8 e6 43. Rb8+ Kc5 44. Rc8+ Kd4 45. Ra8 d5 0-1